[Event "Gatineau Printemps-A"]
[Site "Gatineau CAN"]
[Date "2017.03.21"]
[Round "1"]
[White "Desjardins, Michel"]
[Black "Bastien, Andre"]
[Result "1-0"]
[WhiteElo "1959"]
[BlackElo "1834"]
[WhiteFideId "-1"]
[WhiteFideId "-1"]
[PlyCount "49"]
[GameId "2160767908478029"]
[EventDate "2017.03.21"]
[EventType "swiss"]
[EventRounds "4"]
[EventCountry "CAN"]
[SourceTitle "EXT 2022"]
[Source "ChessBase"]
[SourceDate "2021.10.06"]
[SourceVersion "1"]
[SourceVersionDate "2021.10.06"]
[SourceQuality "1"]

1. e4 d5 2. exd5 Nf6 3. d4 Bg4 4. Be2 Bxe2 5. Qxe2 Qxd5 6. Nf3 e6 7. O-O c6 8. c4 Qh5 9. Bf4 Nbd7 10. Nc3 O-O-O 11. d5 exd5 12. cxd5 Nxd5 13. Nxd5 Qxd5 14. Rfd1 Qf5 15. Bg3 Bc5 16. Rac1 Rhe8 17. Qf1 Re6 18. b4 Bb6 19. a4 Rh6 20. Nd4 Qe4 21. Nxc6 Rxc6 22. Rxc6+ Qxc6 23. Rc1 Nc5 24. a5 Qa4 25. axb6 1-0

[Event "Gatineau Printemps-A"]
[Site "Gatineau CAN"]
[Date "2017.03.21"]
[Round "1"]
[White "Gagnon, Fabien"]
[Black "Raymond, Daniel"]
[Result "1/2-1/2"]
[WhiteElo "1891"]
[BlackElo "1786"]
[WhiteFideId "-1"]
[WhiteFideId "-1"]
[PlyCount "77"]
[GameId "2160767908478030"]
[EventDate "2017.03.21"]
[EventType "swiss"]
[EventRounds "4"]
[EventCountry "CAN"]
[SourceTitle "EXT 2022"]
[Source "ChessBase"]
[SourceDate "2021.10.06"]
[SourceVersion "1"]
[SourceVersionDate "2021.10.06"]
[SourceQuality "1"]

1. c4 e6 2. Nf3 d5 3. b3 c5 4. g3 Nc6 5. Bg2 Nf6 6. O-O d4 7. d3 e5 8. e3 Bd6 9. exd4 exd4 10. Re1+ Be7 11. Bg5 O-O 12. Nbd2 Be6 13. Ne5 Nxe5 14. Rxe5 Nd7 15. Bxe7 Qxe7 16. Re1 Rab8 17. f4 Qd8 18. Ne4 b6 19. Qf3 Nf6 20. h3 Nxe4 21. Qxe4 Re8 22. Re2 Bf5 23. Qf3 Rxe2 24. Qxe2 Qe8 25. Qd2 h5 26. Re1 Qd7 27. Qe2 Bxh3 28. Qxh5 Bxg2 29. Kxg2 Re8 30. Re5 Re6 31. Qf3 Qe8 32. Qe4 Rxe5 33. fxe5 g6 34. Qd5 Qc8 35. Qe4 Kg7 36. g4 Qe6 37. Kg3 f6 38. exf6+ Qxf6 39. Qf4 1/2-1/2

[Event "Gatineau Printemps-A"]
[Site "Gatineau CAN"]
[Date "2017.03.21"]
[Round "1"]
[White "Jobin, Gilles G"]
[Black "Solunac, Stephen"]
[Result "1/2-1/2"]
[WhiteElo "1851"]
[BlackElo "1696"]
[WhiteFideId "-1"]
[WhiteFideId "-1"]
[PlyCount "43"]
[GameId "2160767908478031"]
[EventDate "2017.03.21"]
[EventType "swiss"]
[EventRounds "4"]
[EventCountry "CAN"]
[SourceTitle "EXT 2022"]
[Source "ChessBase"]
[SourceDate "2021.10.06"]
[SourceVersion "1"]
[SourceVersionDate "2021.10.06"]
[SourceQuality "1"]

1. e4 Nf6 2. Nc3 d5 3. exd5 Nxd5 4. Nxd5 Qxd5 5. Qf3 Qa5 6. Bc4 e6 7. c3 Bd7 8. d4 Nc6 9. Ne2 Bd6 10. Bf4 Qf5 11. Qd3 Qf6 12. Bxd6 cxd6 13. O-O O-O 14. f4 Ne7 15. Ng3 Bc6 16. f5 exf5 17. Nxf5 Nxf5 18. Qxf5 Qxf5 19. Rxf5 Rae8 20. Raf1 Re7 21. R5f2 a6 22. a3 1/2-1/2

[Event "Gatineau Printemps-A"]
[Site "Gatineau CAN"]
[Date "2017.03.21"]
[Round "1"]
[White "Scantland, Patrick"]
[Black "Solunac, Sasha"]
[Result "1/2-1/2"]
[WhiteElo "1798"]
[BlackElo "1955"]
[WhiteFideId "-1"]
[WhiteFideId "-1"]
[PlyCount "56"]
[GameId "2160767908478032"]
[EventDate "2017.03.21"]
[EventType "swiss"]
[EventRounds "4"]
[EventCountry "CAN"]
[SourceTitle "EXT 2022"]
[Source "ChessBase"]
[SourceDate "2021.10.06"]
[SourceVersion "1"]
[SourceVersionDate "2021.10.06"]
[SourceQuality "1"]

1. d4 Nf6 2. c4 e5 3. dxe5 Ng4 4. Nf3 Bc5 5. e3 Nc6 6. Be2 O-O 7. Nc3 Re8 8. O-O Ngxe5 9. a3 a5 10. e4 Nxf3+ 11. Bxf3 Ra6 12. Bf4 Ne5 13. Nd5 Rae6 14. Bxe5 Rxe5 15. b4 axb4 16. axb4 Bf8 17. c5 d6 18. Ra8 dxc5 19. bxc5 Bxc5 20. Qc2 Qd6 21. Rd1 b6 22. Qa4 Bd7 23. Rxe8+ Rxe8 24. Qa7 Bc6 25. Qxc7 Qxc7 26. Nxc7 Rc8 27. Nd5 Bxd5 28. exd5 Rd8 1/2-1/2

[Event "Gatineau Printemps-A"]
[Site "Gatineau CAN"]
[Date "2017.03.21"]
[Round "1"]
[White "Seguin, Hubert"]
[Black "Thibault, Mario"]
[Result "0-1"]
[WhiteElo "1548"]
[BlackElo "1846"]
[WhiteFideId "-1"]
[WhiteFideId "-1"]
[PlyCount "100"]
[GameId "2160767908478033"]
[EventDate "2017.03.21"]
[EventType "swiss"]
[EventRounds "4"]
[EventCountry "CAN"]
[SourceTitle "EXT 2022"]
[Source "ChessBase"]
[SourceDate "2021.10.06"]
[SourceVersion "1"]
[SourceVersionDate "2021.10.06"]
[SourceQuality "1"]

1. e4 c5 2. Nc3 g6 3. g3 Nc6 4. Bg2 Bg7 5. d3 d6 6. f4 Nf6 7. Nf3 Bg4 8. h3 Bxf3 9. Bxf3 O-O 10. Ne2 Nd7 11. c3 Rb8 12. O-O b5 13. Be3 b4 14. d4 bxc3 15. bxc3 Qa5 16. e5 Rb6 17. Qc2 Rfb8 18. Rfb1 Nd8 19. Rxb6 Rxb6 20. Rb1 Ne6 21. Rxb6 axb6 22. Qb3 Qa6 23. Kf2 dxe5 24. Bd5 Nd8 25. dxe5 e6 26. Bc4 Qb7 27. Qd1 Bf8 28. g4 b5 29. Bb3 Nc6 30. Ng3 c4 31. Bc2 Bc5 32. Bxc5 Nxc5 33. Qd6 Qb6 34. Kf3 Nb7 35. Qd2 Ne7 36. f5 exf5 37. gxf5 Nc6 38. Qf4 Qc5 39. e6 fxe6 40. fxe6 Qe7 41. Qe4 Ncd8 42. Qd5 Qf6+ 43. Kg2 Qxe6 44. Qxb5 Nd6 45. Qc5 N6f7 46. Be4 Qa6 47. Bd5 Qxa2+ 48. Kf3 Qd2 49. Qxc4 Kg7 50. Ne4 Ne5+ 0-1

[Event "Gatineau Printemps-A"]
[Site "Gatineau CAN"]
[Date "2017.03.28"]
[Round "2"]
[White "Bastien, Andre"]
[Black "Danilov, Alex"]
[Result "1-0"]
[WhiteElo "1834"]
[BlackElo "1716"]
[WhiteFideId "-1"]
[WhiteFideId "-1"]
[PlyCount "43"]
[GameId "2160767908478034"]
[EventDate "2017.03.21"]
[EventType "swiss"]
[EventRounds "4"]
[EventCountry "CAN"]
[SourceTitle "EXT 2022"]
[Source "ChessBase"]
[SourceDate "2021.10.06"]
[SourceVersion "1"]
[SourceVersionDate "2021.10.06"]
[SourceQuality "1"]

1. d4 Nf6 2. Nf3 g6 3. Bg5 Bg7 4. Nbd2 d6 5. e4 c5 6. c3 b6 7. Bb5+ Bd7 8. Bd3 O-O 9. O-O Nc6 10. d5 Ne5 11. Nxe5 dxe5 12. Nc4 Qc7 13. a4 Rab8 14. f4 h6 15. fxe5 Bg4 16. Qc1 Nxd5 17. exd5 hxg5 18. Qxg5 Bc8 19. e6 Ba6 20. exf7+ Rxf7 21. Rxf7 Kxf7 22. Qxg6+ 1-0

[Event "Gatineau Printemps-A"]
[Site "Gatineau CAN"]
[Date "2017.03.28"]
[Round "2"]
[White "Guimond, Michel"]
[Black "Desjardins, Michel"]
[Result "1/2-1/2"]
[WhiteElo "1861"]
[BlackElo "1959"]
[WhiteFideId "-1"]
[WhiteFideId "-1"]
[PlyCount "67"]
[GameId "2160767908478035"]
[EventDate "2017.03.21"]
[EventType "swiss"]
[EventRounds "4"]
[EventCountry "CAN"]
[SourceTitle "EXT 2022"]
[Source "ChessBase"]
[SourceDate "2021.10.06"]
[SourceVersion "1"]
[SourceVersionDate "2021.10.06"]
[SourceQuality "1"]

1. e4 d5 2. exd5 Qxd5 3. Nc3 Qd6 4. d4 Nf6 5. Bc4 c6 6. Nge2 Bf5 7. Bf4 Qb4 8. Bd3 Bxd3 9. Qxd3 e6 10. O-O Nbd7 11. a3 Qb6 12. Na4 Qd8 13. c4 Be7 14. Rad1 O-O 15. Ng3 Re8 16. Qe2 Qa5 17. Nc3 Bf8 18. Rd3 Qa6 19. Re3 g6 20. b4 Qb6 21. Rd1 Rac8 22. Be5 Bg7 23. Nge4 Nxe5 24. Nxf6+ Bxf6 25. dxe5 Bg7 26. c5 Qc7 27. f4 Rcd8 28. Red3 Rxd3 29. Qxd3 f6 30. Qd6 Qe7 31. Qxe7 Rxe7 32. exf6 Bxf6 33. Ne4 Bb2 34. Rd3 1/2-1/2

[Event "Gatineau Printemps-A"]
[Site "Gatineau CAN"]
[Date "2017.03.28"]
[Round "2"]
[White "Raymond, Daniel"]
[Black "Jobin, Gilles G"]
[Result "0-1"]
[WhiteElo "1786"]
[BlackElo "1851"]
[WhiteFideId "-1"]
[WhiteFideId "-1"]
[PlyCount "132"]
[GameId "2160767908478036"]
[EventDate "2017.03.21"]
[EventType "swiss"]
[EventRounds "4"]
[EventCountry "CAN"]
[SourceTitle "EXT 2022"]
[Source "ChessBase"]
[SourceDate "2021.10.06"]
[SourceVersion "1"]
[SourceVersionDate "2021.10.06"]
[SourceQuality "1"]

1. e4 d6 2. d4 Nf6 3. Nc3 Nbd7 4. Nf3 e5 5. Bc4 Be7 6. O-O O-O 7. Re1 c6 8. Bg5 b5 9. Bb3 a5 10. a3 Ba6 11. Rc1 h6 12. Bh4 Nh7 13. Bxe7 Qxe7 14. Ne2 Nb6 15. Ng3 Nc4 16. Nf5 Qc7 17. Rb1 Rad8 18. c3 Rfe8 19. N3h4 Nf6 20. Bc2 Kh7 21. Qc1 Ng8 22. b3 Nb6 23. Re3 g5 24. Rh3 gxh4 25. Rxh4 Re6 26. f4 Rf6 27. Qe3 Bc8 28. g4 Rg6 29. g5 f6 30. Kh1 fxg5 31. fxg5 Rf8 32. Rg1 Nd5 33. Qd2 Nf4 34. c4 Qd8 35. Qe3 Rxg5 36. Rhg4 Rxg4 37. Rxg4 Bxf5 38. exf5 Nf6 39. dxe5 dxe5 40. Qc5 Rf7 41. Rg6 Qd4 42. Qxc6 Nh3 43. Qf3 Qa1+ 44. Kg2 Nf4+ 45. Kf2 Qd4+ 46. Kf1 Qa1+ 47. Kf2 Qb2 48. Qd1 Qd4+ 49. Qxd4 exd4 50. cxb5 N4d5 51. Bd3 Rg7 52. Kf3 Rxg6 53. fxg6+ Kg7 54. h3 Kf8 55. Ke2 Nf4+ 56. Kd2 Nxh3 57. b6 Nd7 58. b7 Nf4 59. Be4 Kg7 60. b4 axb4 61. a4 Nb8 62. a5 Ne6 63. Kc2 Nc5 64. Bd5 h5 65. Bf3 Kxg6 66. Bh1 Kg5 0-1

[Event "Gatineau Printemps-A"]
[Site "Gatineau CAN"]
[Date "2017.03.28"]
[Round "2"]
[White "Thibault, Mario"]
[Black "Gagnon, Fabien"]
[Result "0-1"]
[WhiteElo "1846"]
[BlackElo "1891"]
[WhiteFideId "-1"]
[WhiteFideId "-1"]
[PlyCount "78"]
[GameId "2160767908478038"]
[EventDate "2017.03.21"]
[EventType "swiss"]
[EventRounds "4"]
[EventCountry "CAN"]
[SourceTitle "EXT 2022"]
[Source "ChessBase"]
[SourceDate "2021.10.06"]
[SourceVersion "1"]
[SourceVersionDate "2021.10.06"]
[SourceQuality "1"]

1. e4 e6 2. f4 d5 3. e5 c5 4. c3 Nh6 5. Nf3 Nc6 6. Na3 Be7 7. Nc2 O-O 8. a3 Bd7 9. b4 b6 10. Bd3 Qc7 11. O-O f6 12. Re1 fxe5 13. fxe5 Be8 14. Be2 Nxe5 15. Nxe5 Qxe5 16. Bg4 Qf6 17. Bxe6+ Kh8 18. Qe2 Bh5 19. Qe3 Bd6 20. d4 Rae8 21. Bd2 Bg4 22. Rf1 Qxe6 23. Rxf8+ Rxf8 24. Qxe6 Bxe6 25. Re1 Bf5 26. Ne3 Be4 27. Nc4 Be7 28. Ne5 cxd4 29. cxd4 Bd6 30. Rc1 Nf5 31. Nd7 Nxd4 32. Nxf8 Ne2+ 33. Kf1 Nxc1 34. Bxc1 Bxf8 35. Bb2 Kg8 36. Kf2 Kf7 37. g3 Ke6 38. Ke3 g6 39. Bd4 Bd6 0-1

[Event "Gatineau Printemps-A"]
[Site "Gatineau CAN"]
[Date "2017.04.04"]
[Round "3"]
[White "Desjardins, Michel"]
[Black "Jobin, Gilles G"]
[Result "1/2-1/2"]
[WhiteElo "1959"]
[BlackElo "1851"]
[WhiteFideId "-1"]
[WhiteFideId "-1"]
[PlyCount "35"]
[GameId "2160767908478039"]
[EventDate "2017.03.21"]
[EventType "swiss"]
[EventRounds "4"]
[EventCountry "CAN"]
[SourceTitle "EXT 2022"]
[Source "ChessBase"]
[SourceDate "2021.10.06"]
[SourceVersion "1"]
[SourceVersionDate "2021.10.06"]
[SourceQuality "1"]

1. e4 c5 2. Nc3 Nc6 3. g3 g6 4. Bg2 Bg7 5. d3 d6 6. Be3 Nf6 7. h3 e5 8. Qd2 Nd4 9. Nce2 Bd7 10. c3 Nxe2 11. Nxe2 Bb5 12. O-O Qe7 13. c4 Bc6 14. b4 b6 15. Rfb1 O-O 16. a4 Nh5 17. b5 Bb7 18. Bh6 1/2-1/2

[Event "Gatineau Printemps-A"]
[Site "Gatineau CAN"]
[Date "2017.04.04"]
[Round "3"]
[White "Raymond, Daniel"]
[Black "Seguin, Hubert"]
[Result "1-0"]
[WhiteElo "1786"]
[BlackElo "1548"]
[WhiteFideId "-1"]
[WhiteFideId "-1"]
[PlyCount "59"]
[GameId "2160767908478040"]
[EventDate "2017.03.21"]
[EventType "swiss"]
[EventRounds "4"]
[EventCountry "CAN"]
[SourceTitle "EXT 2022"]
[Source "ChessBase"]
[SourceDate "2021.10.06"]
[SourceVersion "1"]
[SourceVersionDate "2021.10.06"]
[SourceQuality "1"]

1. e4 c5 2. Nf3 Nc6 3. Nc3 g6 4. d4 cxd4 5. Nxd4 Bg7 6. Nb3 a6 7. Be2 Nf6 8. O-O d6 9. Kh1 O-O 10. Bg5 h6 11. Be3 b5 12. a3 Bb7 13. f4 e6 14. Bf3 Qe7 15. Qe2 d5 16. Bc5 Qc7 17. Bxf8 Rxf8 18. exd5 exd5 19. Rad1 Re8 20. Qd3 Ne7 21. Nd4 Nd7 22. Nb3 Nc5 23. Nxc5 Qxc5 24. Rfe1 Kf8 25. Re2 b4 26. axb4 Qxb4 27. Nxd5 Nxd5 28. Rxe8+ Kxe8 29. Bxd5 Qxb2 30. Bxb7 1-0

[Event "Gatineau Printemps-A"]
[Site "Gatineau CAN"]
[Date "2017.04.04"]
[Round "3"]
[White "Scantland, Patrick"]
[Black "Bastien, Andre"]
[Result "1-0"]
[WhiteElo "1798"]
[BlackElo "1834"]
[WhiteFideId "-1"]
[WhiteFideId "-1"]
[PlyCount "51"]
[GameId "2160767908478041"]
[EventDate "2017.03.21"]
[EventType "swiss"]
[EventRounds "4"]
[EventCountry "CAN"]
[SourceTitle "EXT 2022"]
[Source "ChessBase"]
[SourceDate "2021.10.06"]
[SourceVersion "1"]
[SourceVersionDate "2021.10.06"]
[SourceQuality "1"]

1. d4 d5 2. c4 dxc4 3. e4 e5 4. d5 Nf6 5. Nc3 Bb4 6. Qa4+ Nc6 7. dxc6 Bxc3+ 8. bxc3 O-O 9. Ba3 Nxe4 10. Rd1 Qf6 11. Nf3 Nxc3 12. Qb4 Bg4 13. Qxc3 Rfd8 14. Rxd8+ Rxd8 15. Bxc4 Qg6 16. O-O Bh3 17. Ng5 Qxg5 18. Qxh3 bxc6 19. Qf3 Qg6 20. Rd1 Rb8 21. Bb3 h5 22. g3 e4 23. Qf4 Rb5 24. Rd4 Rf5 25. Qxe4 Qf6 26. Bc2 1-0

[Event "Gatineau Printemps-A"]
[Site "Gatineau CAN"]
[Date "2017.04.04"]
[Round "3"]
[White "Thibault, Mario"]
[Black "Solunac, Stephen"]
[Result "0-1"]
[WhiteElo "1846"]
[BlackElo "1696"]
[WhiteFideId "-1"]
[WhiteFideId "-1"]
[PlyCount "92"]
[GameId "2160767908478042"]
[EventDate "2017.03.21"]
[EventType "swiss"]
[EventRounds "4"]
[EventCountry "CAN"]
[SourceTitle "EXT 2022"]
[Source "ChessBase"]
[SourceDate "2021.10.06"]
[SourceVersion "1"]
[SourceVersionDate "2021.10.06"]
[SourceQuality "1"]

1. e4 Nf6 2. e5 Nd5 3. d4 d6 4. c4 Nb6 5. exd6 cxd6 6. Be3 g6 7. Nc3 Bg7 8. Rc1 O-O 9. b3 Nc6 10. Be2 Bf5 11. Nf3 d5 12. c5 Nc8 13. O-O Qd7 14. Qd2 Rd8 15. Bf4 Bg4 16. Ng5 Nxd4 17. Bxg4 Qxg4 18. h3 Qf5 19. Rfe1 h6 20. g4 Qd7 21. Be5 Bxe5 22. Rxe5 hxg5 23. Qxd4 e6 24. Rxg5 Ne7 25. Rd1 Nc6 26. Qd2 Kg7 27. Ne4 f6 28. Qf4 Qe7 29. Rxg6+ Kxg6 30. Nd6 b6 31. b4 Rh8 32. Kg2 Qh7 33. Rd3 Ne5 34. Rg3 Nf7 35. Nf5 Ng5 36. h4 exf5 37. Qxf5+ Kg7 38. Qd7+ Kf8 39. Qd6+ Qe7 40. hxg5 Qxd6 41. cxd6 fxg5 42. Rf3+ Ke8 43. Rf5 Rg8 44. Rxd5 Kd7 45. b5 Rae8 46. Rd4 Re6 0-1

[Event "Gatineau Printemps-A"]
[Site "Gatineau CAN"]
[Date "2017.04.11"]
[Round "4"]
[White "Bastien, Andre"]
[Black "Thibault, Mario"]
[Result "1-0"]
[WhiteElo "1834"]
[BlackElo "1846"]
[WhiteFideId "-1"]
[WhiteFideId "-1"]
[PlyCount "109"]
[GameId "2160767908478043"]
[EventDate "2017.03.21"]
[EventType "swiss"]
[EventRounds "4"]
[EventCountry "CAN"]
[SourceTitle "EXT 2022"]
[Source "ChessBase"]
[SourceDate "2021.10.06"]
[SourceVersion "1"]
[SourceVersionDate "2021.10.06"]
[SourceQuality "1"]

1. d4 Nf6 2. Nf3 e6 3. e3 c5 4. Bd3 b6 5. O-O Bb7 6. Nbd2 cxd4 7. exd4 Be7 8. c3 O-O 9. Re1 d6 10. Qe2 a6 11. Ne4 Nbd7 12. Ng3 Re8 13. Bf4 Bf8 14. Rad1 Qc7 15. Bb1 Qc6 16. Qc2 e5 17. d5 Qc4 18. Bg5 Bxd5 19. b3 Qc6 20. Nh5 Be4 21. Rxe4 Nxe4 22. Qxe4 Qxe4 23. Bxe4 Rac8 24. c4 h6 25. Be3 g6 26. Ng3 f5 27. Bd5+ Kg7 28. Bc1 Rc7 29. Bb2 Nf6 30. Ne2 Rec8 31. Ba3 Re8 32. h3 b5 33. Nc3 Rb8 34. Bc1 bxc4 35. Bxc4 d5 36. Nxd5 Rd8 37. Nc3 Rxd1+ 38. Nxd1 Rd7 39. Ne3 e4 40. Ne5 Rd4 41. g3 Rd8 42. a4 Bc5 43. Bxa6 Bxe3 44. Bxe3 Rd1+ 45. Kg2 Nd5 46. Bc5 Ra1 47. Bd4 Rd1 48. Nc6+ Nf6 49. Bc4 g5 50. a5 Rd2 51. a6 f4 52. gxf4 gxf4 53. a7 Ra2 54. b4 Ra3 55. Na5 1-0

[Event "Gatineau Printemps-A"]
[Site "Gatineau CAN"]
[Date "2017.04.11"]
[Round "4"]
[White "Scantland, Patrick"]
[Black "Raymond, Daniel"]
[Result "1/2-1/2"]
[WhiteElo "1798"]
[BlackElo "1786"]
[WhiteFideId "-1"]
[WhiteFideId "-1"]
[PlyCount "105"]
[GameId "2160767908478044"]
[EventDate "2017.03.21"]
[EventType "swiss"]
[EventRounds "4"]
[EventCountry "CAN"]
[SourceTitle "EXT 2022"]
[Source "ChessBase"]
[SourceDate "2021.10.06"]
[SourceVersion "1"]
[SourceVersionDate "2021.10.06"]
[SourceQuality "1"]

1. d4 d5 2. c4 e6 3. cxd5 exd5 4. Nc3 c5 5. Nf3 Nc6 6. Bg5 Be7 7. Bxe7 Ngxe7 8. e3 O-O 9. Be2 cxd4 10. Nxd4 a6 11. O-O Qd6 12. Qd2 Qf6 13. Rfd1 Ne5 14. Nf3 Be6 15. Rac1 Nc4 16. Nxd5 Bxd5 17. Qb4 Bxf3 18. Bxf3 Ne5 19. Be2 N7c6 20. Qxb7 Rab8 21. Qxa6 Rxb2 22. f4 Nb8 23. Qxf6 gxf6 24. Kf1 Ng6 25. a4 Rb7 26. Ra1 Ra7 27. a5 Nd7 28. a6 Nc5 29. Bf3 Rxa6 30. Rxa6 Nxa6 31. Rd6 Nc5 32. Rxf6 Re8 33. Bd5 Ne6 34. g4 Kg7 35. g5 Nd8 36. Kf2 Ne7 37. Be4 Ng8 38. Rd6 Rxe4 39. Rxd8 Rc4 40. h4 Ne7 41. h5 h6 42. Rd7 Nf5 43. g6 Rc5 44. Rxf7+ Kg8 45. Kf3 Ng7 46. Rd7 Nxh5 47. Rf7 Ng7 48. Rb7 Nf5 49. e4 Nd4+ 50. Ke3 Nc2+ 51. Kd2 Nd4 52. f5 Nxf5 53. exf5 1/2-1/2

[Event "Gatineau Printemps-A"]
[Site "Gatineau CAN"]
[Date "2017.04.11"]
[Round "4"]
[White "Seguin, Hubert"]
[Black "Danilov, Alex"]
[Result "0-1"]
[WhiteElo "1548"]
[BlackElo "1716"]
[WhiteFideId "-1"]
[WhiteFideId "-1"]
[PlyCount "59"]
[GameId "2160767908478045"]
[EventDate "2017.03.21"]
[EventType "swiss"]
[EventRounds "4"]
[EventCountry "CAN"]
[SourceTitle "EXT 2022"]
[Source "ChessBase"]
[SourceDate "2021.10.06"]
[SourceVersion "1"]
[SourceVersionDate "2021.10.06"]
[SourceQuality "1"]

1. e4 c5 2. Nc3 e6 3. g3 Nc6 4. Bg2 Qc7 5. f4 d6 6. Nf3 a6 7. a4 Nf6 8. d3 Bd7 9. O-O Rc8 10. d4 cxd4 11. Nxd4 Qb6 12. Be3 Qxb2 13. Qd2 Na5 14. Nce2 Nc4 15. Qd3 Qb6 16. Bf2 Qc7 17. Rfb1 Be7 18. Rb3 O-O 19. Rc3 Ng4 20. h3 Nxf2 21. Kxf2 b5 22. axb5 axb5 23. Rb1 Qc5 24. Kf1 Bf6 25. Rcb3 Rb8 26. c3 e5 27. Nc2 exf4 28. gxf4 Rfc8 29. e5 Bh4 30. Qf3 0-1

[Event "Gatineau Printemps-A"]
[Site "Gatineau CAN"]
[Date "2017.04.11"]
[Round "4"]
[White "Solunac, Sasha"]
[Black "Gagnon, Fabien"]
[Result "1/2-1/2"]
[WhiteElo "1955"]
[BlackElo "1891"]
[WhiteFideId "-1"]
[WhiteFideId "-1"]
[PlyCount "30"]
[GameId "2160767908478046"]
[EventDate "2017.03.21"]
[EventType "swiss"]
[EventRounds "4"]
[EventCountry "CAN"]
[SourceTitle "EXT 2022"]
[Source "ChessBase"]
[SourceDate "2021.10.06"]
[SourceVersion "1"]
[SourceVersionDate "2021.10.06"]
[SourceQuality "1"]

1. d4 d5 2. Bf4 Nf6 3. e3 e6 4. Nf3 Nbd7 5. c3 Bd6 6. Bg3 Ne4 7. Nbd2 f5 8. Nxe4 fxe4 9. Ne5 Bxe5 10. dxe5 O-O 11. Qg4 Rf5 12. h4 Nxe5 13. Bxe5 Rxe5 14. Be2 Rf5 15. Qg3 Bd7 1/2-1/2

[Event "Gatineau Printemps-A"]
[Site "Gatineau CAN"]
[Date "2017.04.11"]
[Round "4"]
[White "Solunac, Stephen"]
[Black "Guimond, Michel"]
[Result "0-1"]
[WhiteElo "1696"]
[BlackElo "1861"]
[WhiteFideId "-1"]
[WhiteFideId "-1"]
[PlyCount "102"]
[GameId "2160767908478047"]
[EventDate "2017.03.21"]
[EventType "swiss"]
[EventRounds "4"]
[EventCountry "CAN"]
[SourceTitle "EXT 2022"]
[Source "ChessBase"]
[SourceDate "2021.10.06"]
[SourceVersion "1"]
[SourceVersionDate "2021.10.06"]
[SourceQuality "1"]

1. d4 g6 2. c4 Bg7 3. Nc3 d6 4. e4 c6 5. f3 Qb6 6. Be3 c5 7. Nge2 Be6 8. d5 Bd7 9. Qd2 a5 10. g4 a4 11. a3 Na6 12. Ng3 Nc7 13. Rd1 Qb3 14. Bd3 b5 15. cxb5 Bxb5 16. Qc2 Bxd3 17. Qxb3 axb3 18. Rxd3 c4 19. Rd2 Bxc3 20. bxc3 Nb5 21. Bd4 f6 22. Kf2 Rxa3 23. Rb1 Kd7 24. g5 h6 25. gxf6 exf6 26. Nf1 Ra4 27. Ne3 Ne7 28. Bxf6 Rc8 29. f4 Na3 30. Ra1 Rca8 31. e5 Nb5 32. e6+ Ke8 33. Rxa4 Rxa4 34. Ke2 Nf5 35. Nd1 Ra2 36. Nb2 Na3 37. Kd1 Ne3+ 38. Ke2 Nac2 39. Nd1 Nxd1 40. Rxd1 Na3+ 41. Ke3 b2 42. Kd4 b1=Q 43. Rxb1 Nxb1 44. h4 Na3 45. Ke4 Nb5 46. f5 gxf5+ 47. Kxf5 Rf2+ 48. Kg6 Rxf6+ 49. Kxf6 Nxc3 50. Kg6 Nxd5 51. Kxh6 c3 0-1

[Event "Gatineau Printemps-B"]
[Site "Gatineau CAN"]
[Date "2017.03.21"]
[Round "1"]
[White "Iyamuremye, Gervais"]
[Black "Arcand, Pierre"]
[Result "1-0"]
[WhiteElo "1434"]
[BlackElo "1188"]
[WhiteFideId "-1"]
[WhiteFideId "-1"]
[PlyCount "99"]
[GameId "2160767908478048"]
[EventDate "2017.03.21"]
[EventType "swiss"]
[EventRounds "4"]
[EventCountry "CAN"]
[SourceTitle "EXT 2022"]
[Source "ChessBase"]
[SourceDate "2021.10.06"]
[SourceVersion "1"]
[SourceVersionDate "2021.10.06"]
[SourceQuality "1"]

1. e4 e5 2. Nf3 Nc6 3. Bc4 Nf6 4. d3 d5 5. exd5 Nxd5 6. h3 Bb4+ 7. Bd2 Bxd2+ 8. Qxd2 O-O 9. Bxd5 Qxd5 10. Nc3 Qd6 11. O-O Nd4 12. Nxd4 Qxd4 13. Qe3 Re8 14. Qxd4 exd4 15. Nb5 Re7 16. Nxd4 Be6 17. Rfe1 c6 18. Nxe6 Rae8 19. Kf1 Rxe6 20. Rxe6 Rxe6 21. d4 Kf8 22. Rd1 Ke7 23. Re1 Rxe1+ 24. Kxe1 Kd6 25. c4 f5 26. f4 g6 27. Kd2 b6 28. a4 a6 29. g4 c5 30. Kc3 a5 31. d5 fxg4 32. hxg4 h5 33. gxh5 gxh5 34. Kd3 h4 35. Ke2 h3 36. Kf1 h2 37. Kg2 h1=Q+ 38. Kxh1 Ke7 39. Kg2 Kd6 40. Kg3 Ke7 41. Kg4 Kf6 42. b3 Ke7 43. Kg5 Kf7 44. f5 Ke7 45. Kg6 Kf8 46. Kf6 Ke8 47. Kg7 Ke7 48. f6+ Kd6 49. f7 Ke5 50. f8=Q 1-0

[Event "Gatineau Printemps-B"]
[Site "Gatineau CAN"]
[Date "2017.03.21"]
[Round "1"]
[White "Legare, Gilles"]
[Black "Masse-Garneau, Anthony"]
[Result "0-1"]
[WhiteElo "1058"]
[BlackElo "1384"]
[WhiteFideId "-1"]
[WhiteFideId "-1"]
[PlyCount "104"]
[GameId "2160767908478049"]
[EventDate "2017.03.21"]
[EventType "swiss"]
[EventRounds "4"]
[EventCountry "CAN"]
[SourceTitle "EXT 2022"]
[Source "ChessBase"]
[SourceDate "2021.10.06"]
[SourceVersion "1"]
[SourceVersionDate "2021.10.06"]
[SourceQuality "1"]

1. e4 c5 2. Nc3 e6 3. Nf3 a6 4. g3 Nc6 5. d3 Be7 6. Bg2 Qc7 7. O-O Bf6 8. Bd2 Nge7 9. Re1 O-O 10. Bg5 Bxc3 11. bxc3 d5 12. exd5 exd5 13. Bf4 Qa5 14. Ne5 Be6 15. Bd2 Nxe5 16. Rxe5 Ng6 17. Re1 Qc7 18. f4 Rad8 19. Rf1 Qd7 20. Qh5 Bg4 21. Qxd5 Qxd5 22. Bxd5 Rxd5 23. c4 Rd7 24. a4 Re8 25. Rfe1 Rde7 26. Rec1 Re2 27. Re1 Rxe1+ 28. Bxe1 Re2 29. Bf2 Rxc2 30. Bxc5 Rd2 31. Re1 Rd1 32. Kf2 Rxe1 33. Kxe1 f6 34. a5 Kf7 35. d4 Ne7 36. d5 Nc8 37. d6 Ke6 38. Be3 Kxd6 39. c5+ Kc6 40. Kd2 Kb5 41. Kc3 Ne7 42. Kd4 Nf5+ 43. Ke4 Nxe3 44. Kxe3 Kxc5 45. Ke4 Kb5 46. f5 Kxa5 47. h4 b5 48. h5 Bxh5 49. Kf4 Ka4 50. g4 Bxg4 51. Kxg4 b4 52. Kh5 b3 0-1